Les 20 plus grandes villes de la Mayenne sur une carte - Statistiques

Statistiques générales
  • Ce quiz a été pris 176 fois
  • Le résultat moyen est 12 sur 20
Réponses sur la Carte
Les réponses sont colorées sur une échelle allant du rouge au vert en fonction du pourcentage des utilisateurs qui les ont devinées à leur premier essai. Vous pouvez retrouver ces pourcentages ci-dessous.
 
Statistiques - réponses
Population Initiale Ville % Correct
49 474 L Laval
100%
12 854 M Mayenne
98%
16 539 C Château-Gontier-sur-Mayenne
89%
8 380 É Évron
77%
5 511 E Ernée
74%
6 482 C Changé
72%
7 384 S Saint-Berthevin
66%
6 294 B Bonchamp-lès-Laval
63%
4 415 C Craon
61%
4 345 L Louverné
56%
4 554 (L') H L'Huisserie
55%
2 475 G Gorron
53%
3 208 C Cossé-le-Vivien
48%
2 784 M Meslay-du-Maine
39%
2 908 A Argentré
38%
2 724 L Loiron-Ruillé
36%
2 603 A Ambrières-les-Vallées
33%
2 506 R Renazé
33%
2 682 V Villaines-la-Juhel
33%
3 192 M Montsûrs
30%
Aucun quiz correspondant
Distribution des résultats
% des personnes avec chaque résultat
Percentile par nombre de réponses
Votre historique - résultats
Vous n’avez pas pris ce quiz